[Event "CRO-chT U16 7th"]
[Site "Nova Gradiska"]
[Date "2012.12.27"]
[Round "2.2"]
[White "Batinic, Stipan"]
[Black "Camber, Ivan"]
[Result "1/2-1/2"]
[WhiteElo "1736"]
[BlackElo "1895"]
[PlyCount "120"]
[EventDate "2012.12.27"]
[EventType "team-tourn"]
[EventRounds "5"]
[EventCountry "CRO"]
[SourceTitle "EXT 2019"]
[Source "ChessBase"]
[SourceDate "2018.10.10"]
[SourceVersion "1"]
[SourceVersionDate "2018.10.10"]
[SourceQuality "1"]

1. d4 d5 2. Bf4 Nf6 3. Nf3 c6 4. e3 Bg4 5. c4 e6 6. Nc3 Nbd7 7. Be2 Be7 8. 0-0 0-0 9. a3 Nh5 10. Bg3 Nxg3 11. hxg3 Nf6 12. cxd5 exd5 13. b4 a5 14. b5 c5 15. dxc5 Bxc5 16. a4 Rc8 17. Rc1 Ba3 18. Rc2 Qd6 19. Nd4 Bxe2 20. Ncxe2 Ne4 21. Qd3 Bb4 22. Nb3 Nc5 23. Nxc5 Rxc5 24. Rfc1 Rfc8 25. Rxc5 Rxc5 26. Rxc5 Bxc5 27. Nc3 Qe5 28. Kh2 d4 29. exd4 Qxd4 30. Qxd4 Bxd4 31. Ne4 Kf8 32. Kg1 Ke7 33. Kf1 f5 34. Nd2 Ke6 35. Nb3 Bb6 36. Ke2 Kd5 37. Kd3 Bxf2 38. Nxa5 b6 39. Nb3 Bxg3 40. Nd4 g6 41. Nc6 Be1 42. Nb8 Bg3 43. Nd7 Bf2 44. Nf8 Bc5 45. Nxh7 Be7 46. Kc3 Kc5 47. Kb3 g5 48. Kc3 f4 49. Kd3 Kd5 50. g3 f3 51. g4 f2 52. Ke2 Ke6 53. Kxf2 Kf7 54. Ke2 Kg6 55. a5 bxa5 56. Nxg5 Kxg5 57. b6 Kxg4 58. b7 Bd6 59. Kd3 a4 60. Kc4 Kf5 1/2-1/2

[Event "CRO-chT U20 20th"]
[Site "Sv Filip i Jakov"]
[Date "2011.04.30"]
[Round "9"]
[White "Camber, Ivan"]
[Black "Muskardin, Mario"]
[Result "0-1"]
[WhiteElo "1883"]
[BlackElo "2192"]
[PlyCount "46"]
[EventDate "2011.04.26"]
[EventType "team-tourn"]
[EventRounds "11"]
[EventCountry "CRO"]
[SourceTitle "EXT 2012"]
[Source "ChessBase"]
[SourceDate "2011.11.24"]
[SourceVersion "1"]
[SourceVersionDate "2011.11.24"]
[SourceQuality "1"]

1. e4 e5 2. Nf3 Nc6 3. Bb5 a6 4. Ba4 Nf6 5. d3 b5 6. Bb3 Be7 7. 0-0 0-0 8. c3 d5 9. Qe2 dxe4 10. dxe4 Bg4 11. Bg5 h6 12. Bxf6 Bxf6 13. Bd5 Qe8 14. a4 Rb8 15. axb5 axb5 16. Bxc6 Qxc6 17. Nxe5 Bxe2 18. Nxc6 Rbe8 19. Re1 Rxe4 20. Nd2 Re6 21. Na5 b4 22. Rec1 Bg5 23. Nab3 Bxd2 0-1

[Event "CRO-chT U20 20th"]
[Site "Sv Filip i Jakov"]
[Date "2011.04.28"]
[Round "6"]
[White "Stocko, Josip"]
[Black "Camber, Ivan"]
[Result "0-1"]
[WhiteElo "2229"]
[BlackElo "1883"]
[PlyCount "108"]
[EventDate "2011.04.26"]
[EventType "team-tourn"]
[EventRounds "11"]
[EventCountry "CRO"]
[SourceTitle "EXT 2012"]
[Source "ChessBase"]
[SourceDate "2011.11.24"]
[SourceVersion "1"]
[SourceVersionDate "2011.11.24"]
[SourceQuality "1"]

1. e4 c6 2. d3 d5 3. Nd2 Nf6 4. Ngf3 Bg4 5. h3 Bh5 6. g4 Bg6 7. e5 Nfd7 8. d4 e6 9. Nb3 c5 10. c3 Nc6 11. a3 Rc8 12. Bf4 Qb6 13. dxc5 Nxc5 14. Nxc5 Bxc5 15. Qd2 Na5 16. Rd1 Be4 17. Qe2 Bxf3 18. Qxf3 Qxb2 19. a4 0-0 20. Bc1 Qc2 21. Bd2 Qxa4 22. g5 d4 23. Bd3 Nb3 24. h4 Nxd2 25. Rxd2 dxc3 26. Rc2 Qd4 27. Re2 Bb4 28. Bc2 Be7 29. Rg1 Rfd8 30. h5 Qd5 31. Qh3 Qa5 32. Kf1 Rd2 33. g6 Rxe2 34. gxf7+ Kf8 35. Qxe6 Rc6 36. Qd7 Re1+ 37. Kxe1 Qxe5+ 38. Kf1 Bf6 39. h6 g6 40. Bxg6 hxg6 41. Rxg6 Qe7 42. Qxe7+ Kxe7 43. h7 Kxf7 44. Rxf6+ Kg7 45. Rxc6 bxc6 46. h8Q+ Kxh8 47. Ke2 Kg7 48. Kd3 Kf6 49. Kxc3 Ke5 50. Kb4 Kf4 51. Kc5 a5 52. Kc4 Kf3 53. Kb3 c5 54. Ka4 c4 0-1

[Event "Mediterranean op-B 4th"]
[Site "Rijeka"]
[Date "2010.11.16"]
[Round "5"]
[White "Camber, Ivan"]
[Black "Zoricic, Marijan"]
[Result "0-1"]
[WhiteElo "1877"]
[BlackElo "2131"]
[PlyCount "74"]
[EventDate "2010.11.13"]
[EventType "swiss"]
[EventRounds "9"]
[EventCountry "CRO"]
[SourceTitle "EXT 2011"]
[Source "ChessBase"]
[SourceDate "2010.11.26"]
[SourceVersion "1"]
[SourceVersionDate "2010.11.26"]
[SourceQuality "1"]

1. e4 Nf6 2. e5 Nd5 3. Nc3 e6 4. Nf3 Be7 5. d4 0-0 6. Nxd5 exd5 7. Bd3 d6 8. 0-0 Nc6 9. exd6 Qxd6 10. c3 Bg4 11. Bc2 g6 12. h3 Be6 13. Ng5 Bf6 14. f4 Ne7 15. f5 Bxf5 16. Bf4 Qd7 17. Ba4 b5 18. Bb3 Bg7 19. g4 h6 20. Nf3 Bxg4 21. Ne5 Bxe5 22. Qxg4 Qxg4+ 23. hxg4 Bxf4 24. Rxf4 c6 25. a4 a6 26. Rf6 Kg7 27. Rd6 Rad8 28. Rxd8 Rxd8 29. axb5 axb5 30. Ra7 Kf6 31. Bd1 Rd6 32. Kf2 Re6 33. b3 Kg5 34. Be2 f5 35. c4 bxc4 36. bxc4 fxg4 37. Ra6 h5 0-1

[Event "CRO-ch U15 19th"]
[Site "Sibenik"]
[Date "2010.07.01"]
[Round "6"]
[White "Camber, Ivan"]
[Black "Bonca, Pavle"]
[Result "1-0"]
[WhiteElo "1880"]
[BlackElo "1608"]
[PlyCount "57"]
[EventDate "2010.06.28"]
[EventType "swiss"]
[EventRounds "9"]
[EventCountry "CRO"]
[SourceTitle "CBM 137 Extra"]
[Source "ChessBase"]
[SourceDate "2010.09.01"]
[SourceVersion "1"]
[SourceVersionDate "2010.09.01"]
[SourceQuality "1"]

1. e4 d6 2. d4 Nf6 3. Bd3 g6 4. Nf3 Bg7 5. 0-0 0-0 6. Re1 Na6 7. c3 c5 8. h3 cxd4 9. cxd4 Nb4 10. Bf1 d5 11. e5 Ne8 12. Qb3 Nc6 13. Bg5 Qb6 14. Bb5 Na5 15. Qa4 Nc7 16. Bd3 Nc6 17. Nbd2 Ne6 18. Nb3 Nxg5 19. Nxg5 Bd7 20. Qa3 Nxd4 21. Nxd4 Qxd4 22. Nf3 Qb6 23. Qxe7 Qe6 24. Qh4 h6 25. Qg3 Rfc8 26. Re2 Rc7 27. Nd4 Qb6 28. Qf4 Qxb2 29. Rxb2 1-0

[Event "CRO-ch U15 19th"]
[Site "Sibenik"]
[Date "2010.06.30"]
[Round "5"]
[White "Camber, Ivan"]
[Black "Dubrovic, Gabriel"]
[Result "1/2-1/2"]
[WhiteElo "1880"]
[BlackElo "1730"]
[PlyCount "97"]
[EventDate "2010.06.28"]
[EventType "swiss"]
[EventRounds "9"]
[EventCountry "CRO"]
[SourceTitle "CBM 137 Extra"]
[Source "ChessBase"]
[SourceDate "2010.09.01"]
[SourceVersion "1"]
[SourceVersionDate "2010.09.01"]
[SourceQuality "1"]

1. e4 c5 2. Nf3 a6 3. c3 d5 4. exd5 Qxd5 5. d4 Bg4 6. Be2 e6 7. 0-0 Nf6 8. h3 Bh5 9. c4 Qd8 10. dxc5 Qxd1 11. Rxd1 Bxc5 12. Nc3 h6 13. a3 Be7 14. b4 Nbd7 15. Bf4 g5 16. Bd6 Bxd6 17. Rxd6 Ke7 18. Rad1 Rhd8 19. c5 Bg6 20. Nd4 Ne8 21. Rxa6 bxa6 22. Nc6+ Kf8 23. Nxd8 Rxd8 24. c6 Nc7 25. cxd7 Ke7 26. Rd2 Rxd7 27. Rxd7+ Kxd7 28. Na4 Kc6 29. Nc5 Kb6 30. Nd7+ Kc6 31. Ne5+ Kd5 32. Nxg6 fxg6 33. Bd3 Kd4 34. Bxg6 Kc3 35. h4 Kb3 36. b5 axb5 37. Bd3 Kxa3 38. Bxb5 Nxb5 39. Kh2 gxh4 40. Kh3 Kb4 41. Kxh4 Kc5 42. Kh5 Kd5 43. Kxh6 Ke5 44. Kg5 Nd4 45. f4+ Ke4 46. g4 Nf5 47. Kf6 Nd4 48. Kg5 Nf5 49. Kf6 1/2-1/2

[Event "EU-ch 11th"]
[Site "Rijeka"]
[Date "2010.03.11"]
[Round "6"]
[White "Krauss, Josef"]
[Black "Camber, Ivan"]
[Result "1-0"]
[WhiteElo "2100"]
[BlackElo "1911"]
[PlyCount "45"]
[EventDate "2010.03.06"]
[EventType "swiss"]
[EventRounds "11"]
[EventCountry "CRO"]
[SourceTitle "CBM 136"]
[Source "ChessBase"]
[SourceDate "2010.05.18"]
[SourceVersion "1"]
[SourceVersionDate "2010.05.18"]
[SourceQuality "1"]

1. e4 c6 2. Nf3 d5 3. Nc3 Bg4 4. h3 Bh5 5. exd5 cxd5 6. Bb5+ Nc6 7. g4 Bg6 8. Ne5 Rc8 9. d4 e6 10. Qe2 Qe7 11. a3 a6 12. Nxc6 bxc6 13. Bxa6 Ra8 14. b4 Bxc2 15. b5 Bb3 16. bxc6 Qc7 17. Rb1 Ba4 18. Nxa4 Qa5+ 19. Bd2 Qxa6 20. Qxa6 Rxa6 21. Rb8+ Ke7 22. c7 Rc6 23. c8Q 1-0

[Event "EU-ch 11th"]
[Site "Rijeka"]
[Date "2010.03.10"]
[Round "5"]
[White "Camber, Ivan"]
[Black "Dubrovic, Rafael"]
[Result "1-0"]
[WhiteElo "1911"]
[BlackElo "1577"]
[PlyCount "113"]
[EventDate "2010.03.06"]
[EventType "swiss"]
[EventRounds "11"]
[EventCountry "CRO"]
[SourceTitle "CBM 136"]
[Source "ChessBase"]
[SourceDate "2010.05.18"]
[SourceVersion "1"]
[SourceVersionDate "2010.05.18"]
[SourceQuality "1"]

1. e4 d5 2. exd5 Qxd5 3. Nc3 Qd6 4. d4 Nf6 5. Nf3 a6 6. g3 Nc6 7. Bg2 Bg4 8. Be3 0-0-0 9. 0-0 g6 10. h3 Bf5 11. Bf4 Qb4 12. d5 Qxb2 13. Na4 Qb5 14. Rb1 Qxd5 15. Ne5 Qxd1 16. Bxc6 Qxf1+ 17. Kxf1 bxc6 18. Nxc6 Bxh3+ 19. Ke2 Rd5 20. Na7+ Kd7 21. Rb7 Ra5 22. Nb6+ Ke6 23. Rxc7 Kf5 24. f3 e5 25. Bd2 Rxa2 26. Rxf7 Ke6 27. Rc7 Bd6 28. Rc6 Ke7 29. g4 h5 30. Bg5 Rf8 31. Nd5+ Kd7 32. Nxf6+ Ke6 33. Ne4 Kd5 34. Rxd6+ Kc4 35. Rc6+ Kb4 36. Bd2+ Ka3 37. Rxa6+ Kb2 38. Bc3+ Kb1 39. Nd2+ Kxc2 40. Rxa2+ Kxc3 41. gxh5 gxh5 42. Nb5+ Kb4 43. Rb2+ Kc5 44. Ne4+ Kc6 45. Na7+ Kc7 46. Nb5+ Kd7 47. Ke3 Kc6 48. Rh2 Bf5 49. Nbc3 Bg6 50. Rd2 Kc7 51. Rd6 Bxe4 52. Nxe4 Rf4 53. Rh6 h4 54. Rh5 Kd7 55. Rxe5 Rf7 56. Rh5 Ke6 57. Ng5+ 1-0

[Event "EU-ch 11th"]
[Site "Rijeka"]
[Date "2010.03.07"]
[Round "2"]
[White "Schiendorfer, Emanuel"]
[Black "Camber, Ivan"]
[Result "1-0"]
[WhiteElo "2340"]
[BlackElo "1911"]
[PlyCount "55"]
[EventDate "2010.03.06"]
[EventType "swiss"]
[EventRounds "11"]
[EventCountry "CRO"]
[SourceTitle "CBM 136"]
[Source "ChessBase"]
[SourceDate "2010.05.18"]
[SourceVersion "1"]
[SourceVersionDate "2010.05.18"]
[SourceQuality "1"]

1. d4 d5 2. c4 Nf6 3. cxd5 Nxd5 4. e4 Nf6 5. Nc3 e5 6. dxe5 Qxd1+ 7. Kxd1 Ng4 8. Nh3 Nxe5 9. f4 Bg4+ 10. Kc2 Nec6 11. Be3 Nd7 12. Nf2 Nf6 13. h3 Nb4+ 14. Kc1 Bd7 15. a3 Nc6 16. g4 0-0-0 17. b4 a6 18. Kb2 Be8 19. Bc4 Nd4 20. e5 Ng8 21. Rhd1 Nb5 22. Nce4 Rxd1 23. Rxd1 h5 24. a4 hxg4 25. axb5 axb5 26. Be2 Bd7 27. Ra1 Be6 28. Bxg4 1-0

[Event "Mediterranean op 3rd"]
[Site "Rijeka"]
[Date "2009.11.30"]
[Round "4"]
[White "Camber, Ivan"]
[Black "Drljevic, Ljilja"]
[Result "0-1"]
[WhiteElo "1915"]
[BlackElo "2218"]
[PlyCount "100"]
[EventDate "2009.11.27"]
[EventType "swiss"]
[EventRounds "9"]
[EventCountry "CRO"]
[SourceTitle "CBM 133 Extra"]
[Source "ChessBase"]
[SourceDate "2010.01.05"]
[SourceVersion "1"]
[SourceVersionDate "2010.01.05"]
[SourceQuality "1"]

1. e4 d6 2. d4 g6 3. Nf3 Nf6 4. Nc3 Bg7 5. Bc4 0-0 6. 0-0 Nxe4 7. Nxe4 d5 8. Bd3 dxe4 9. Bxe4 Nd7 10. c3 c5 11. Be3 cxd4 12. Bxd4 e5 13. Be3 Nf6 14. Qxd8 Rxd8 15. Bg5 Re8 16. Bc2 h6 17. Bh4 Nh5 18. Rfe1 g5 19. Bg3 Nxg3 20. hxg3 Bg4 21. Be4 Re7 22. Nh2 Be6 23. g4 Rd8 24. b3 Rc7 25. Rec1 Bf8 26. Rc2 Rcd7 27. Kf1 a5 28. Ke2 Kg7 29. f3 h5 30. g3 Bc5 31. f4 exf4 32. gxf4 Re7 33. Kf1 hxg4 34. f5 Bc4+ 35. bxc4 Rxe4 36. Rg2 Kf6 37. Nxg4+ Kxf5 38. Nh6+ Kf6 39. Ng4+ Kg6 40. Re1 Rf4+ 41. Ke2 f5 42. Ne5+ Kf6 43. Nf3 Re4+ 44. Kf1 Rxe1+ 45. Nxe1 g4 46. a4 b6 47. Re2 f4 48. Rh2 f3 49. Rh5 f2 50. Nf3 Rd1+ 0-1

[Event "CRO-ch U13"]
[Site "Novi Vinodolski"]
[Date "2009.06.22"]
[Round "3"]
[White "Samardzic, Nikola"]
[Black "Camber, Ivan"]
[Result "1/2-1/2"]
[WhiteElo "1680"]
[BlackElo "1921"]
[PlyCount "71"]
[EventDate "2009.06.21"]
[EventType "swiss"]
[EventRounds "9"]
[EventCountry "CRO"]
[SourceTitle "EXT 2011"]
[Source "ChessBase"]
[SourceDate "2010.11.26"]
[SourceVersion "1"]
[SourceVersionDate "2010.11.26"]
[SourceQuality "1"]

1. e4 c5 2. c3 e6 3. Nf3 d5 4. exd5 exd5 5. d4 Be6 6. Be3 Qb6 7. Qc2 Nc6 8. Nbd2 Rc8 9. Bd3 cxd4 10. Nxd4 Bc5 11. N2b3 Bxd4 12. Nxd4 Nb4 13. Qd1 Nxd3+ 14. Qxd3 Qxb2 15. Rc1 Nf6 16. 0-0 0-0 17. Rc2 Qa3 18. Nb5 Qa6 19. Rd1 Rc4 20. Nd4 Rfc8 21. Nxe6 fxe6 22. Bd4 R8c7 23. Qg3 Ne4 24. Qe3 b5 25. f3 Qa4 26. Rdc1 Nf6 27. Qxe6+ Rf7 28. Bxf6 gxf6 29. Qxd5 Qa6 30. Rb2 Qb6+ 31. Kf1 Qe3 32. Qd2 Qxd2 33. Rxd2 Rfc7 34. Rdc2 b4 35. Ke2 R4c6 36. Kd1 1/2-1/2